000 00672nam a2200121Ia 4500
008 220615s9999||||xx |||||||||||||| ||und||
100 _aRobeyns, Ingrid
245 0 _aWellbeing, Freedom and Social Justice
_bThe Capability Approach Re-Examined
546 _aEnglish[eng]
650 _asocial justice||capability approach||economic disparity||freedom||public policy||social science||wellbeing||Human rights||Martha Nussbaum||Welfare economics
856 _uhttps://library.oapen.org/bitstream/20.500.12657/30821/1/641879.pdf||https://library.oapen.org/bitstream/20.500.12657/30821/1/641879.pdf||https://library.oapen.org/bitstream/20.500.12657/30821/1/641879.pdf
942 _cEB
999 _c9301
_d9301